000
00217nam a22000857a 4500
008
160706b xxu||||| |||| 00| 0 eng d
100
_9
2324
_a
Shirokov, M., et al
245
_a
Nuclear Physics
260
_a
Mosco
_b
Mir
_c
1982
999
_c
2003
_d
2003